La Vall d'Aran : medi físic i transformació econòmica / Francesc López i Palomeque i Roser Majoral i Moliné ; amb la col·laboració de Frederic Vergés medi físic i transformació econòmica / Francesc López i Palomeque i Roser Majoral i Moliné ; amb la col·laboració de Frederic Vergés
ISBN:
84-500-5332-3
Descripción Física:
XII, 363 p. : amb map. ; 24 cm
Colección:
Catalunya comarcal
MARC
| LEADER | 00000nam a2200000Ia 4500 | ||
|---|---|---|---|
| 001 | 1418 | ||
| 008 | 160829s1982 xx 000 0 cat d | ||
| 020 | |a 84-500-5332-3 | ||
| 080 | |a M-2-6 | ||
| 100 | |a López i Palomeque, Francesc |9 36362 | ||
| 245 | |a La Vall d'Aran : |b medi físic i transformació econòmica / Francesc López i Palomeque i Roser Majoral i Moliné ; amb la col·laboració de Frederic Vergés | ||
| 260 | |a Barcelona : |b Caixa d'Estalvis de Catalunya, |c 1982 | ||
| 300 | |a XII, 363 p. : |b amb map. ; |c 24 cm | ||
| 490 | |a Catalunya comarcal | ||
| 590 | |a Bibliografia | ||
| 651 | 0 | |a Vall d'Aran (Catalunya) |x Condicions econòmiques |9 55712 | |
| 700 | |a Majoral i Moliné, Roser |9 25015 | ||
| 700 | |a Vergés, Frederic |9 25016 | ||
| 901 | |a Arxiu | ||
| 942 | |n 1 | ||
| 952 | |0 0 |1 0 |4 0 |6 M26 |7 1 |9 43413 |a Arxiu |b Arxiu |d 2016-12-01 |l 0 |o M-2-6 |p 1418 |r 2016-12-01 00:00:00 |w 2016-12-01 |y ARXIU | ||
| 999 | |c 45959 |d 45959 | ||